|
|
|
|
| LEADER |
01014pam a22002658a 4500 |
| 001 |
00023980 |
| 005 |
20171026081023.0 |
| 008 |
110707s1993 ||||||engsd |
| 041 |
0 |
# |
|a eng
|
| 082 |
1 |
4 |
|a 428
|b ST100R
|
| 100 |
1 |
# |
|a Dunkel, Patricia A.
|
| 245 |
1 |
0 |
|a Start with listening
|c Patricia A. Dunkel, Christine G. Gorder; Trần Văn Thành, Đoàn Văn Điều gth và chú giải
|
| 246 |
0 |
1 |
|a Bài tập luyện nghe tiếng anh
|
| 260 |
# |
# |
|a Tp. Hồ Chí Minh
|b Nxb. Tp. Hồ Chí Minh
|c 1993
|
| 300 |
# |
# |
|a 178 p.
|c 19 cm.
|
| 650 |
# |
4 |
|a Bài tập
|
| 650 |
# |
4 |
|a Tiếng anh
|
| 650 |
# |
4 |
|a Luyện nghe
|
| 700 |
1 |
# |
|a Đoàn Văn Điều
|e giới thiệu và chú giải
|
| 700 |
1 |
# |
|a Gorder, Christine G.
|
| 700 |
1 |
# |
|a Trần Văn Thành,
|e giới thiệu và chú giải
|
| 852 |
# |
# |
|j KD.0008996
|
| 852 |
# |
# |
|b Kho đọc
|j KD.0008996
|
| 910 |
0 |
# |
|a Ntuyet
|d 07/07/2011
|
| 980 |
# |
# |
|a Trung tâm Học liệu Lê Vũ Hùng, Trường Đại học Đồng Tháp
|